000 01207nam0a22002771 4500
001 rc\2777021
005 20250810045811.0
035 _a(NLR Aleph) 006903302
090 _a7270351
_c7270351
100 _a20110915d1941 u y0rusy50 ca
101 0 _arus
102 _aRU
105 _ay z |||||
200 1 _aСборник арифметических задач
_eДля 5-го класса неполной сред. и сред. школы
_eДроби. Пропорционал. величины (пропорции, проценты, пропорционал. деление и пр.)
_fС. В. Филичев, Я. Ф. Чекмарев
210 _a[Москва]
_cУчпедгиз
_d1941
_eЛенинград
215 _a344 с.
_d23 см.
517 0 _aСборник задач и упражнений по арифметике
700 1 _aФиличев
_bС.В.
_gСтефан Васильевич
701 1 _aЧекмарев
_bЯ.Ф.
_gЯков Федорович
801 0 _aRU
_bNLR
_gpsbo
801 1 _aRU
_bELAR
_2rusmarc
852 _aNLR
_jМт10 Г-5/14
942 _cBOOK
945 _aРоссийская национальная библиотека
980 _aNB
980 _aBV